000 00549nam a2200193Ia 4500
003 GCL
008 140319s9999 xx 000 0 eng d
020 _a0814755208
040 _aGCL /
_cGCL
082 0 4 _a949.742
_bM B
100 1 _aMALCOLM, NOEL
245 1 0 _aBOSNIA :
_bA SHORT HISTORY /
_cMALCOLM, NOEL
260 _a[S.N] :
_bNEW YORK UNIVERSITY PRESS
300 _a23 CM ؛
_cXXIV, 340 P
650 0 4 _aBOSNIA AND HERCEGOVINA - ETHIC
650 0 4 _aBOSNIA AND HERCEGOVINA - HISTORY - 1992
650 0 4 _aBOSNIA - HISTORY
942 _2ddc
_cBK
999 _c4725
_d4725